<?xml version="1.0" encoding="UTF-8"?>
<record
    xmlns:xsi="http://www.w3.org/2001/XMLSchema-instance"
    xsi:schemaLocation="http://www.loc.gov/MARC21/slim http://www.loc.gov/standards/marcxml/schema/MARC21slim.xsd"
    xmlns="http://www.loc.gov/MARC21/slim">

  <leader>00999nam a22002537a 4500</leader>
  <controlfield tag="003">OSt</controlfield>
  <controlfield tag="005">20240724123601.0</controlfield>
  <controlfield tag="008">240603b           ||||| |||| 00| 0 eng d</controlfield>
  <datafield tag="022" ind1=" " ind2=" ">
    <subfield code="2">22310924</subfield>
  </datafield>
  <datafield tag="040" ind1=" " ind2=" ">
    <subfield code="c">AIMIT LIBRARY</subfield>
  </datafield>
  <datafield tag="082" ind1=" " ind2=" ">
    <subfield code="a">174.9658</subfield>
    <subfield code="b">GOVP</subfield>
  </datafield>
  <datafield tag="110" ind1=" " ind2=" ">
    <subfield code="a">Institute of Public Enterprise</subfield>
    <subfield code="9">169057</subfield>
  </datafield>
  <datafield tag="245" ind1=" " ind2=" ">
    <subfield code="a">Journal of Governance &amp; Public Policy /</subfield>
    <subfield code="c">By Institute of Public Enterprise.</subfield>
  </datafield>
  <datafield tag="260" ind1=" " ind2=" ">
    <subfield code="a">Hyderabad :</subfield>
    <subfield code="c">2012,2013,2014,2015,2016,2017,2018</subfield>
    <subfield code="b">Institute of Public Enterprise ,</subfield>
  </datafield>
  <datafield tag="300" ind1=" " ind2=" ">
    <subfield code="b">HB</subfield>
    <subfield code="c">23.4 cm.</subfield>
  </datafield>
  <datafield tag="440" ind1=" " ind2=" ">
    <subfield code="a">Journal of Governance &amp; Public Policy</subfield>
    <subfield code="v">Vol.5 No.1&amp;2-2015, Vol.6 No.1-2016.</subfield>
    <subfield code="9">169058</subfield>
  </datafield>
  <datafield tag="440" ind1=" " ind2=" ">
    <subfield code="v">Vol.6 No.2- 2016, Vol.7 No.1&amp;2-2017.</subfield>
  </datafield>
  <datafield tag="440" ind1=" " ind2=" ">
    <subfield code="v">Vol.8 No.1&amp;2 -2018</subfield>
  </datafield>
  <datafield tag="440" ind1=" " ind2=" ">
    <subfield code="v">Vol.2 No.2-2012, Vol.3 No.1-2013, Vol.4 No.1-2014</subfield>
  </datafield>
  <datafield tag="650" ind1=" " ind2=" ">
    <subfield code="a">Whistle blowing and companies act 2013</subfield>
    <subfield code="9">169059</subfield>
  </datafield>
  <datafield tag="650" ind1=" " ind2=" ">
    <subfield code="a">Regulatory control of foreign direct investments</subfield>
    <subfield code="9">169060</subfield>
  </datafield>
  <datafield tag="650" ind1=" " ind2=" ">
    <subfield code="a">Status of E-Governance in India</subfield>
    <subfield code="9">169061</subfield>
  </datafield>
  <datafield tag="942" ind1=" " ind2=" ">
    <subfield code="2">ddc</subfield>
    <subfield code="c">BV</subfield>
    <subfield code="k">174.9658 GOVP</subfield>
  </datafield>
  <datafield tag="999" ind1=" " ind2=" ">
    <subfield code="c">231012</subfield>
    <subfield code="d">231012</subfield>
  </datafield>
  <datafield tag="952" ind1=" " ind2=" ">
    <subfield code="0">0</subfield>
    <subfield code="1">0</subfield>
    <subfield code="2">ddc</subfield>
    <subfield code="4">0</subfield>
    <subfield code="7">0</subfield>
    <subfield code="8">MBA</subfield>
    <subfield code="a">AIMIT</subfield>
    <subfield code="b">AIMIT</subfield>
    <subfield code="c">BV</subfield>
    <subfield code="d">2024-06-03</subfield>
    <subfield code="h">Vol.5 No.1&amp;2-2015/ Vol.6 No.1-2016</subfield>
    <subfield code="l">0</subfield>
    <subfield code="o">174.9658 GOVP</subfield>
    <subfield code="p">BVM918</subfield>
    <subfield code="r">2024-06-03 00:00:00</subfield>
    <subfield code="w">2024-06-03</subfield>
    <subfield code="y">BV</subfield>
  </datafield>
  <datafield tag="952" ind1=" " ind2=" ">
    <subfield code="0">0</subfield>
    <subfield code="1">0</subfield>
    <subfield code="2">ddc</subfield>
    <subfield code="4">0</subfield>
    <subfield code="7">0</subfield>
    <subfield code="8">MBA</subfield>
    <subfield code="a">AIMIT</subfield>
    <subfield code="b">AIMIT</subfield>
    <subfield code="c">BV</subfield>
    <subfield code="d">2024-06-03</subfield>
    <subfield code="h">Vol.6 No.2-2016/ Vol.7 No.1&amp;2-2017 </subfield>
    <subfield code="l">0</subfield>
    <subfield code="o">174.9658 GOVP</subfield>
    <subfield code="p">BVM919</subfield>
    <subfield code="r">2024-06-03 00:00:00</subfield>
    <subfield code="w">2024-06-03</subfield>
    <subfield code="y">BV</subfield>
  </datafield>
  <datafield tag="952" ind1=" " ind2=" ">
    <subfield code="0">0</subfield>
    <subfield code="1">0</subfield>
    <subfield code="2">ddc</subfield>
    <subfield code="4">0</subfield>
    <subfield code="7">0</subfield>
    <subfield code="8">MBA</subfield>
    <subfield code="a">AIMIT</subfield>
    <subfield code="b">AIMIT</subfield>
    <subfield code="c">BV</subfield>
    <subfield code="d">2024-06-03</subfield>
    <subfield code="h">Vol.8 No.1&amp;2-2018</subfield>
    <subfield code="l">0</subfield>
    <subfield code="o">174.9658 GOVP</subfield>
    <subfield code="p">BVM1104</subfield>
    <subfield code="r">2024-06-03 00:00:00</subfield>
    <subfield code="w">2024-06-03</subfield>
    <subfield code="y">BV</subfield>
  </datafield>
  <datafield tag="952" ind1=" " ind2=" ">
    <subfield code="0">0</subfield>
    <subfield code="1">0</subfield>
    <subfield code="2">ddc</subfield>
    <subfield code="4">0</subfield>
    <subfield code="7">0</subfield>
    <subfield code="8">MBA</subfield>
    <subfield code="a">AIMIT</subfield>
    <subfield code="b">AIMIT</subfield>
    <subfield code="c">BV</subfield>
    <subfield code="d">2024-06-03</subfield>
    <subfield code="h">Vol.2 No.2-2012/ Vol.3 No.1-2013/Vol.4 No.1-2014</subfield>
    <subfield code="l">0</subfield>
    <subfield code="o">174.9658 GOVP</subfield>
    <subfield code="p">BVM761</subfield>
    <subfield code="r">2024-06-03 00:00:00</subfield>
    <subfield code="w">2024-06-03</subfield>
    <subfield code="y">BV</subfield>
  </datafield>
</record>
